|
|
|
|
| LEADER |
00000nam0a2200000 4500 |
| 001 |
152062 |
| 005 |
20231031150909.0 |
| 010 |
|
|
|a 5265018409
|
| 020 |
|
|
|a RU
|b 92-10375
|
| 035 |
|
|
|a (RuTPU)RU\TPU\book\164885
|
| 090 |
|
|
|a 152062
|
| 100 |
|
|
|a 20090128d1992 m y0rusy5003 ca
|
| 101 |
0 |
|
|a rus
|
| 102 |
|
|
|a RU
|
| 105 |
|
|
|a a z 000ay
|
| 200 |
1 |
|
|a Гибель Титаника
|e рассказы, повесть, хроника
|f Б. И. Черных
|g худож. Э. Б. Аронов
|
| 210 |
|
|
|a Москва
|c Советский писатель
|d 1992
|
| 215 |
|
|
|a 400 с.
|c ил.
|d 21 см
|
| 333 |
|
|
|a Исключено из фонда НТБ ТПУ
|
| 675 |
|
|
|a Р2
|z rus
|
| 700 |
|
1 |
|a Черных
|b Б. И.
|g Борис Иванович
|4 070
|
| 702 |
|
1 |
|a Аронов
|b Э. Б.
|4 440
|
| 801 |
|
0 |
|a RU
|b RuMRKP
|c 19950417
|g psbo
|
| 801 |
|
1 |
|a RU
|b 63413507
|c 20090128
|g PSBO
|
| 801 |
|
2 |
|a RU
|b 63413507
|c 20210519
|g PSBO
|
| 942 |
|
|
|c BK
|